Datum a čas kvízu
26.5
Celkem bodů
Celkový počet nahraných bodů na tomto kvízu bez doplňovacích otázek.
14.
Pořadí na kvízu
Konečné umístění týmu na tomto kvízu.
Zaznamenané odpovědi
| # | Otázka | Odpověď | Body | Výsledky |
|---|---|---|---|---|
| 1. | Vozidla taxislužeb již zřejmě... | taxametrem | 1 | |
| 2. | Jak se nazývá země, která v re... | Pákistán | 1 | |
| 3. | Dlouho očekávané tmavé téma do... | Messenger | 1 | |
| 4. | Irský oděvní řetězec, populárn... | Primark | 1 | |
| 5. | O jedno z největších překvapen... | běh na 60 metrů | 1 | |
| 6. | Praha, Plzeň, Pardubice, Příbr... | Prachatice | 1 | |
| 7. | Oganesson, xenon, radon, argon... | neon | 1 | |
| 8. | Schillerová, Babiš, Kalousek,... | Jan Fischer | 0 | |
| 9. | Bohdalová, Kubišová, Rettigová... | Božena Němcová | 1 | |
| 10. | Komedie omylů, Zkrocení zlé že... | Mnoho povyku pro nic | 0 |